Statistics for Teams That Have Beaten Florida State Since 2008 In College Football

Click here to take the quiz!

General Stats

  • This quiz has been taken 312 times
  • The average score is 17 of 24

Answer Stats

DateBowl GameScoreTeam% Correct
9/24/2011-35-30Clemson
93%
11/7/2015-23-13Clemson
93%
11/7/2009-40-24Clemson
93%
11/29/2008-45-15Florida
92%
11/28/2009-37-10Florida
92%
11/24/2012-37-26Florida
92%
9/7/2009-38-34Miami
85%
1/1/2015CFP Semifinal- 2015 Rose Bowl Game59-20Oregon
77%
11/19/2011-14-13Virginia
77%
10/24/2015-22-16Georgia Tech
76%
10/10/2009-49-44Georgia Tech
76%
11/1/2008-31-28Georgia Tech
76%
11/6/2010-37-35North Carolina
72%
12/4/20102010 ACC Championship Game44-33Virginia Tech
72%
10/8/2011-35-30Wake Forest
63%
9/20/2008-12-3Wake Forest
63%
11/15/2008-27-17Boston College
61%
10/3/2009-28-21Boston College
61%
10/28/2010-28-24NC State
55%
10/6/2012-17-16NC State
55%
9/17/2011-23-13Oklahoma
53%
9/11/2010-47-17Oklahoma
53%
12/31/20152015 Chick-Fil-A Peach Bowl38-24Houston
41%
9/26/2009-17-7USF
22%

Score Distribution

Percentile by Number Answered

Percent of People with Each Score

Your Score History

You have not taken this quiz